| 000 | 01300nam a2200253 a 4500 | ||
|---|---|---|---|
| 999 |
_c447378 _d447378 |
||
| 003 | BLK | ||
| 005 | 20230727123816.0 | ||
| 008 | 220302b bu |||||r|||| 00| | bu d | ||
| 040 | _aBLK | ||
| 041 |
_aBUL _cBUL |
||
| 080 |
_aЦени. Ценообразуване. Производствени разходи. Себестойност _b338.5 _x:63(497.215)(062) _z338.5:63(497.215)(062) |
||
| 139 |
_aАнализ на себестойността на селскостопанската продукция в ТКЗС в Русенски окръг и пътища за нейното намаляване _bА 64 |
||
| 245 |
_aАнализ на себестойността на селскостопанската продукция в ТКЗС в Русенски окръг и пътища за нейното намаляване _h[Малотир. изд.] |
||
| 260 |
_9441842 _aРусе _c1960 |
||
| 300 |
_a40 с. _c20 см |
||
| 380 | _a63 | ||
| 500 | _aПоместено във в. "Дунавска правда" | ||
| 651 | 7 |
_9179464 _aРусенско |
|
| 653 | 7 |
_9196322 _aсебестойност на продукцията |
|
| 653 | 7 |
_9196408 _aселско стопанство |
|
| 852 |
_bК _cК 63/А 64 |
||
| 942 |
_cKNG _n0 _s1 _01 |
||
| 944 |
_aCR _c2022-03-07 _k30556 _lТеодора Пейчева-Дянкова |
||